|
|
|
|
| LEADER |
00848nam a22002532a 4500 |
| 001 |
001722149 |
| 003 |
CZ BrMZK |
| 005 |
20200113073928.0 |
| 007 |
ta |
| 008 |
191215s1971 xo er|||||||||||slo d |
| 040 |
|
|
|a BOA001
|b cze
|e aacr2
|
| 041 |
1 |
|
|a slo
|h fre
|
| 080 |
9 |
|
|a 840-312.4=854
|
| 100 |
1 |
|
|a Leroux, Gaston,
|d 1868-1927
|7 jn19990005012
|4 aut
|
| 245 |
1 |
0 |
|a Muž zo záhrobia /
|c Gaston Leroux ; prel. z franc. orig. Mária Horáková ; ilustr. Jozef Bôrik
|
| 260 |
|
|
|a Bratislava :
|b Smena,
|c 1971
|
| 300 |
|
|
|a 47 s. :
|b il. ;
|c 4°
|
| 490 |
1 |
|
|a Dobrodružné romány ;
|v sv. 183
|
| 765 |
0 |
|
|t Homme qui revient de loin
|9 Slovensky
|
| 830 |
|
0 |
|a Dobrodružné romány (Smena)
|
| 910 |
|
|
|a BOA001
|b X2-0694.073
|
| 990 |
|
|
|a BK
|
| 991 |
|
|
|b 201912
|
| 996 |
7 |
|
|b 2618835084
|c X2-0694.073
|l MZK
|r Sklad / do 24 hodin
|n 0
|w 001773726
|u 000010
|a 1
|e BOA001
|j MZK50
|s A
|